LEADER 01920nam 2200589 a 450 001 9910454224703321 005 20200520144314.0 010 $a0-292-79413-4 035 $a(CKB)1000000000720632 035 $a(SSID)ssj0000136745 035 $a(PQKBManifestationID)11150362 035 $a(PQKBTitleCode)TC0000136745 035 $a(PQKBWorkID)10087825 035 $a(PQKB)10273458 035 $a(MiAaPQ)EBC3443358 035 $a(OCoLC)310089551 035 $a(MdBmJHUP)muse2275 035 $a(Au-PeEL)EBL3443358 035 $a(CaPaEBR)ebr10273731 035 $a(EXLCZ)991000000000720632 100 $a20071220d2008 ub 0 101 0 $aeng 135 $aurcn||||||||| 181 $ctxt 182 $cc 183 $acr 200 10$aDemosthenes, speeches 20-22$b[electronic resource] /$ftranslated with introduction and notes by Edward M. Harris 205 $a1st ed. 210 $aAustin $cUniversity of Texas Press$d2008 215 $axxxi, 211 p 225 1 $aThe oratory of classical Greece ;$vv. 12 300 $aTranslated from the Ancient Greek. 311 $a0-292-71783-0 320 $aIncludes bibliographical references (p. [197]-206) and index. 327 $aAgainst Leptines -- Against Meidias -- Against Androtion. 410 0$aOratory of classical Greece ;$vv. 12. 606 $aSpeeches, addresses, etc., Greek$vTranslations into English 607 $aAthens (Greece)$xPolitics and government$vEarly works to 1800 608 $aElectronic books. 615 0$aSpeeches, addresses, etc., Greek 676 $a885/.01 700 $aDemosthenes$0167473 701 $aHarris$b Edward Monroe$0294311 701 2$aDemosthenes$0167473 701 2$aDemosthenes$0167473 801 0$bMiAaPQ 801 1$bMiAaPQ 801 2$bMiAaPQ 906 $aBOOK 912 $a9910454224703321 996 $aDemosthenes, speeches 20-22$92144370 997 $aUNINA LEADER 02471nam 2200625Ia 450 001 9910458883603321 005 20200520144314.0 010 $a1-282-52534-4 010 $a9786612525346 010 $a1-4166-1019-7 010 $a1-4166-1021-9 010 $a1-4166-1022-7 035 $a(CKB)2670000000018499 035 $a(EBL)513970 035 $a(OCoLC)610419422 035 $a(SSID)ssj0000421102 035 $a(PQKBManifestationID)11296291 035 $a(PQKBTitleCode)TC0000421102 035 $a(PQKBWorkID)10405962 035 $a(PQKB)10898033 035 $a(MiAaPQ)EBC513970 035 $a(Au-PeEL)EBL513970 035 $a(CaPaEBR)ebr10379923 035 $a(CaONFJC)MIL252534 035 $a(EXLCZ)992670000000018499 100 $a20090914d2010 uy 0 101 0 $aeng 135 $aur|n|---||||| 181 $ctxt 182 $cc 183 $acr 200 10$aInviting students to learn$b[electronic resource] $e100 tips for talking effectively with your students /$fJenny Edwards 210 $aAlexandria, VA $cASCD$dc2010 215 $a1 online resource (196 p.) 300 $aDescription based upon print version of record. 311 $a1-4166-0903-2 320 $aIncludes bibliographical references and index. 327 $aCover; Title Page; Copyright; Table of Contents; Acknowledgments; Foreword; Preface; Introduction; Chapter 1: Developing a Mind-set for Communicating Invitationally with Students; Chapter 2: Arenas in Which the Language Tips Can Be Applied; Chapter 3: Strategies for Using the Language Tips with Various Types of Students; Chapter 4: Possible Purposes for Using the Language Tips; Chapter 5: 100 Tips for Talking Effectively with Your Students; References; Index; About the Author; Search this Book 330 $aCommunication tips, backed by research, to help teachers work with their students. Includes a wealth of specific examples. 606 $aCommunication in education 606 $aMotivation in education 606 $aTeacher-student relationships 608 $aElectronic books. 615 0$aCommunication in education. 615 0$aMotivation in education. 615 0$aTeacher-student relationships. 676 $a371.102/2 700 $aEdwards$b Jenny$f1949-$0860763 801 0$bMiAaPQ 801 1$bMiAaPQ 801 2$bMiAaPQ 906 $aBOOK 912 $a9910458883603321 996 $aInviting students to learn$91920931 997 $aUNINA LEADER 06789nam 22008415 450 001 996465291603316 005 20200703163157.0 010 $a3-642-03668-6 024 7 $a10.1007/978-3-642-03668-2 035 $a(CKB)1000000000772876 035 $a(SSID)ssj0000318130 035 $a(PQKBManifestationID)11267555 035 $a(PQKBTitleCode)TC0000318130 035 $a(PQKBWorkID)10309101 035 $a(PQKB)11485242 035 $a(DE-He213)978-3-642-03668-2 035 $a(MiAaPQ)EBC3064494 035 $a(PPN)139951016 035 $a(EXLCZ)991000000000772876 100 $a20100301d2009 u| 0 101 0 $aeng 135 $aurnn|008mamaa 181 $ctxt 182 $cc 183 $acr 200 10$aHolonic and Multi-Agent Systems for Manufacturing$b[electronic resource] $e4th International Conference on Industrial Applications of Holonic and Multi-Agent Systems, HoloMAS 2009, Linz, Austria, August 31 - September 2, 2009, Proceedings /$fedited by Vladimir Marik, Thomas Strasser, Alois Zoitl 205 $a1st ed. 2009. 210 1$aBerlin, Heidelberg :$cSpringer Berlin Heidelberg :$cImprint: Springer,$d2009. 215 $a1 online resource (XI, 326 p.) 225 1 $aLecture Notes in Artificial Intelligence ;$v5696 300 $aBibliographic Level Mode of Issuance: Monograph 311 $a3-642-03666-X 320 $aIncludes bibliographical references and index. 327 $aand Motivation -- Holonic Rationale and Self-organization on Design of Complex Evolvable Systems -- Service-Oriented Agents for Collaborative Industrial Automation and Production Systems -- Usability of Multi-agent Based Control Systems in Industrial Automation -- Knowledge-Centered Approaches -- An Organizational Knowledge Ontology for Automotive Supply Chains -- Semantic Extension of Agent-Based Control: The Packing Cell Case Study -- Product Design Network Self-contextualization: Enterprise Knowledge-Based Approach and Agent-Based Technological Framework -- Selected Theoretical Aspects -- Collaboration of Metaheuristic Algorithms through a Multi-Agent System -- Functional Integrity of Multi-agent Computational System Supported by Component-Based Implementation -- On the Empirical Evaluation of an Interdisciplinary Framework for Automated Negotiation -- MAS Scheduling and Simulation -- A Decentralized Scheduling Policy for a Dynamically Reconfigurable Production System -- A Study on Real-Virtual Interaction Method for Production Scheduling Using Model Plant -- Using an Agent-Supported Simulation Environment for Intelligent Manufacturing Systems -- A Study on Real-Time Scheduling for Holonic Manufacturing Systems ? Determination of Utility Values Based on Multi-agent Reinforcement Learning -- MAS Control -- An Open-Control Concept for a Holonic Multiagent System -- Plan, Commit, Execute Protocol in Multi-agent Systems -- Distributed Sensing and Control Architecture for Automotive Factory Automation -- MAS-Based Cooperative Control for Biotechnological Process-A Case Study -- Design and Implementation of LabVIEW-Based IEC61499 Compliant Device -- Holonic Systems for Manufacturing -- Holonic-Based Environment for Solving Transportation Problems -- Holonic Manufacturing Paint Shop -- Development of a Holonic Free-Roaming AGV System for Part Manufacturing -- Safety Discrete Event Models for Holonic Cyclic Manufacturing Systems -- A Holonic Chain Conveyor Control System: An Application -- MAS and Holonic Applications -- A Multiagent System for Self-organisation of an 802.11 Mesh Network -- Mobility Model for Tactical Networks -- Holonic Modelling of Large Scale Geographic Environments -- Holonic Models for Traffic Control Systems -- A Multi-Agent System for the Pay-As-You-GO (PAYGO) Social Security Scheme -- Contract Monitoring in Agent-Based Systems: Case Study -- A Multi-agent Scheduler for Rent-a-Car Companies -- A Framework for Multi Robot Guidance Control. 330 $aThis book constitutes the refereed proceedings of the 4th International Conference on Industrial Applications of Holonic and Multi-Agent Systems, HoloMAS 2009, held in Linz, Austria, August 31 - September 2, 2009. The 31 revised full papers presented were carefully reviewed and selected from 47 submissions. The papers are organized in topical sections on introduction & motivation, knowledge-centered approaches, selected theoretical aspects, MAS scheduling & simulation, holonic systems for manufacturing, and MAS & holonic applications. 410 0$aLecture Notes in Artificial Intelligence ;$v5696 606 $aArtificial intelligence 606 $aComputer-aided engineering 606 $aApplication software 606 $aManagement information systems 606 $aComputer science 606 $aProduction management 606 $aInformation technology 606 $aBusiness?Data processing 606 $aArtificial Intelligence$3https://scigraph.springernature.com/ontologies/product-market-codes/I21000 606 $aComputer-Aided Engineering (CAD, CAE) and Design$3https://scigraph.springernature.com/ontologies/product-market-codes/I23044 606 $aComputer Appl. in Administrative Data Processing$3https://scigraph.springernature.com/ontologies/product-market-codes/I2301X 606 $aManagement of Computing and Information Systems$3https://scigraph.springernature.com/ontologies/product-market-codes/I24067 606 $aOperations Management$3https://scigraph.springernature.com/ontologies/product-market-codes/519000 606 $aIT in Business$3https://scigraph.springernature.com/ontologies/product-market-codes/522000 615 0$aArtificial intelligence. 615 0$aComputer-aided engineering. 615 0$aApplication software. 615 0$aManagement information systems. 615 0$aComputer science. 615 0$aProduction management. 615 0$aInformation technology. 615 0$aBusiness?Data processing. 615 14$aArtificial Intelligence. 615 24$aComputer-Aided Engineering (CAD, CAE) and Design. 615 24$aComputer Appl. in Administrative Data Processing. 615 24$aManagement of Computing and Information Systems. 615 24$aOperations Management. 615 24$aIT in Business. 676 $a670.42722gerDNB 702 $aMarik$b Vladimir$4edt$4http://id.loc.gov/vocabulary/relators/edt 702 $aStrasser$b Thomas$4edt$4http://id.loc.gov/vocabulary/relators/edt 702 $aZoitl$b Alois$4edt$4http://id.loc.gov/vocabulary/relators/edt 712 12$aInternational Conference on Industrial Applications of Holonic and Multi-Agent Systems 906 $aBOOK 912 $a996465291603316 996 $aHolonic and Multi-Agent Systems for Manufacturing$9772586 997 $aUNISA LEADER 01542nam 2200397I 450 001 9910704653103321 005 20130626095246.0 035 $a(CKB)5470000002443184 035 $a(OCoLC)850905947 035 $a(EXLCZ)995470000002443184 100 $a20130626d2013 ua 0 101 0 $aeng 135 $aurcn||||||||| 181 $ctxt$2rdacontent 182 $cc$2rdamedia 183 $acr$2rdacarrier 200 10$aChange in the length of the middle section of the Chandeleur Islands oil berm, November 17, 2010, through September 6, 2011 /$fby N.G. Plant and K.K. Guy 210 1$aReston, Virginia :$cU.S. Department of the Interior, U.S. Geological Survey,$d2013. 215 $a1 online resource (iii, 8 pages) $ccolor illustrations 225 1 $aOpen-file report ;$v2013-1075 300 $aTitle from title screen (viewed on June 26, 2013). 606 $aOil spills$xCleanup$zLouisiana$zChandeleur Islands 606 $aOil spills$xManagement 606 $aBP Deepwater Horizon Explosion and Oil Spill, 2010 615 0$aOil spills$xCleanup 615 0$aOil spills$xManagement. 615 0$aBP Deepwater Horizon Explosion and Oil Spill, 2010. 700 $aPlant$b Nathaniel G.$01391236 702 $aGuy$b K. K. 712 02$aGeological Survey (U.S.), 801 0$bGPO 801 1$bGPO 906 $aBOOK 912 $a9910704653103321 996 $aChange in the length of the middle section of the Chandeleur Islands oil berm, November 17, 2010, through September 6, 2011$93517275 997 $aUNINA LEADER 02161nam 2200565Ia 450 001 9910780400503321 005 20230617025803.0 010 $a0-309-16669-1 010 $a1-280-17669-5 010 $a9786610176694 010 $a0-309-52811-9 035 $a(CKB)111087027010022 035 $a(OCoLC)60365106 035 $a(CaPaEBR)ebrary10049167 035 $a(SSID)ssj0000140161 035 $a(PQKBManifestationID)12046533 035 $a(PQKBTitleCode)TC0000140161 035 $a(PQKBWorkID)10028420 035 $a(PQKB)10093412 035 $a(MiAaPQ)EBC3564024 035 $a(Au-PeEL)EBL3564024 035 $a(CaPaEBR)ebr10049167 035 $a(CaONFJC)MIL17669 035 $a(OCoLC)54936876 035 $a(EXLCZ)99111087027010022 100 $a20040220d2004 uy 0 101 0 $aeng 135 $aurcn||||||||| 181 $ctxt 182 $cc 183 $acr 200 10$aDistribution and administration of potassium iodide in the event of a nuclear incident$b[electronic resource] /$fCommittee to Assess the Distribution and Administration of Potassium Iodide in the Event of a Nuclear Incident, Board on Radiation Effects Research, Division of Earth and Life Studies, National Research Council of the National Academies 210 $aWashington, D.C. $cNational Academies Press$d2004 215 $a1 online resource (262 p.) 300 $a"Support by contract DHHS 200-2000-00629 task order no. 16, between the National Academy of Sciences and the Centers for Disease Control and Prevention"--T.p. verso. 311 $a0-309-09098-9 320 $aIncludes bibliographical references. 606 $aPotassium iodide 606 $aRadiation-protective agents 615 0$aPotassium iodide. 615 0$aRadiation-protective agents. 676 $a362.196/9897025/0973 712 02$aNational Research Council (U.S.).$bBoard on Radiation Effects Research. 801 0$bMiAaPQ 801 1$bMiAaPQ 801 2$bMiAaPQ 906 $aBOOK 912 $a9910780400503321 996 $aDistribution and administration of potassium iodide in the event of a nuclear incident$93835135 997 $aUNINA LEADER 06370oam 22008534 450 001 9910786479803321 005 20230801225337.0 010 $a1-4755-9171-3 010 $a1-4755-0774-7 035 $a(CKB)2670000000278807 035 $a(EBL)1606820 035 $a(SSID)ssj0000952569 035 $a(PQKBManifestationID)11522105 035 $a(PQKBTitleCode)TC0000952569 035 $a(PQKBWorkID)10907020 035 $a(PQKB)11503972 035 $a(MiAaPQ)EBC1606820 035 $a(Au-PeEL)EBL1606820 035 $a(CaPaEBR)ebr10627028 035 $a(OCoLC)870245023 035 $a(IMF)WPIEE2012167 035 $a(IMF)WPIEA2012167 035 $a(EXLCZ)992670000000278807 100 $a20020129d2012 uf 0 101 0 $aeng 135 $aur|n|---||||| 181 $ctxt 182 $cc 183 $acr 200 10$aEvolution of Debt Sustainability Analysis in Low-Income Countries : $eSome Aggregate Evidence /$fBenedicte Baduel, Robert Price 210 1$aWashington, D.C. :$cInternational Monetary Fund,$d2012. 215 $a1 online resource (57 p.) 225 1 $aIMF Working Papers 300 $aDescription based upon print version of record. 311 $a1-4755-4907-5 311 $a1-4755-0515-9 320 $aIncludes bibliographical references. 327 $aCover; Abstract; Contents; I. Introduction; II. Motivation and Sample; Boxes; 1. The External Debt Sustainability Analysis (DSA); Tables; 1. Sample Countries; III. Results; A. Baseline ratios; Figures; 1. Evolution of Baseline Debt Ratios (PV of PPG External Debt), 2006-29; 2. Baseline Peak Average Values by DSA Vintage; 2. Debt-to-GDP: 2010 Baseline Scenario vs. 2006 and 2010 Historical Scenarios, 2006-29; B. Numerators: Trajectories of debt, debt service and financing needs; 3. Debt and Macroeconomic Projections, 2006-29; 4. Financing Needs, 2006-29; C. Changing structures of indebtedness 327 $a5. Debt Accumulation Dynamics, 2006-296. Aid Flows, 2006-29; 7. Average Grant Element in New Disbursements, 2006-29; 8. Aid Flows and Average Grant Element, 2006-29; 9. Average Interest Rate, 2006-29; 10. Nominal GDP Growth-Interest Rate Differentials, 2010-29; 11. Endogenous Debt Dynamics, 2006-29; D. Denominators: adjustments in macroeconomic projections; 12. PV of Debt-to-GDP Ratio: Comparative Analysis of Alternative Scenario of Less Favorable Terms on Public Sector Borrowing, 2006-29; 13. Macroeconomic Forecasts, 2006-29; E. Country-level heterogeneity 327 $a14. External Accounts Forecasts, 2006-293. Evolution of Key Variables in DSAs; IV. Conclusions; Appendixes; Appendix Figures; Figure A1. PV of Debt-to-GDP Ratio, 2006-29 (In percent); Figure A2. PV of Debt-to-Exports Ratio, 2006-29 (In percent); Figure A3. PV of Debt-to-Revenue Ratio, 2006-29 (In percent); Figure A4. Debt Service-to-Exports Ratio, 2006-29 (In percent); Figure A5. Debt Service-to-Revenue Ratio, 2006-29 (In percent); Figure A6. PV of PPG Exernal Debt, 2006-29 (In billions of US); Figure A7. Debt Service, 2006-29 (In billions of US) 327 $aFigure A8. Nominal GDP, 2006-29 (In billions of US)Figure A9. Exports of Goods and Services, 2006-29 (In billions of US); Figure A10. Government Revenue, 2006-29 (in billions of US); Figure A11. Financing Needs, 2006-29 (In billions of US); Figure A12. New Medium and Long Term Disbursements, 2006-29 (In billions of US); Figure A13. Debt Accumulation Rate, 2006-29 (In percent); Figure A14. Nominal Debt and Nominal GDP Growth, 2010-291 (In percent, 2010 DSAs); Figure A15. Aid flow, 2006-29 (In billions of US); Figure A16. Grant Element in New Disbursements, 2006-29 (In percent) 327 $aFigure A17. Nominal Effective Interest Rate, 2006-29 (In percent)Figure A18. Nominal GDP Growth and Nominal Effective Interest Rate, 2010-291 (In percent, 2010 DSAs); Figure A19. Real GDP Growth, 2006-29 (In percent); Figure A20. Foreign Direct Investment (FDI), 2006-29 (In billions of US); Figure A21. PV of Debt-to-GDP Ratio under Historical Alternative Scenario, 2006-29 (In percent); Figure A22. PV of Debt-to-GDP Ratio: Baseline vs. Historical Alternative Scenario, 2010-291 (In percent, 2010 DSA) 330 3 $aThe Debt Sustainability Analysis (DSA) for low-income countries (LICs) is a standardized analytical tool to monitor debt sustainability. This paper uses DSAs from three periods around the time of the global economic crisis to analyze the projected trajectories of debt ratios for a sample of LICs. The aggregate data suggest that LIC vulnerabilities improved on the whole during the period prior to the crisis, and that the crisis had a strong short-run impact on key ratios of debt (debt-to-GDP, -exports, and -fiscal revenues) and debt service (debt service-to-exports, and -revenues). Although projected debt burdens increased following the crisis, debt indicators tend to return to their pre-crisis levels over the projection horizon. This may reflect a strong and durable policy response by LICs towards the crisis, or also reflect specific assumptions on the long-run growth dividends of public external debt. 410 0$aIMF Working Papers; Working Paper ;$vNo. 2012/167 606 $aDebts, Public$xMathematical models 606 $aDebts, Public$zDeveloping countries 606 $aExports and Imports$2imf 606 $aInternational Lending and Debt Problems$2imf 606 $aInternational economics$2imf 606 $aDebt sustainability analysis$2imf 606 $aDebt sustainability$2imf 606 $aExternal debt$2imf 606 $aDebt burden$2imf 606 $aDebt service$2imf 606 $aDebts, External$2imf 607 $aBurkina Faso$2imf 615 0$aDebts, Public$xMathematical models. 615 0$aDebts, Public 615 7$aExports and Imports 615 7$aInternational Lending and Debt Problems 615 7$aInternational economics 615 7$aDebt sustainability analysis 615 7$aDebt sustainability 615 7$aExternal debt 615 7$aDebt burden 615 7$aDebt service 615 7$aDebts, External 700 $aBaduel$b Benedicte$01578615 701 $aPrice$b Robert$01082908 801 0$bDcWaIMF 906 $aBOOK 912 $a9910786479803321 996 $aEvolution of Debt Sustainability Analysis in Low-Income Countries$93858185 997 $aUNINA LEADER 02893oam 2200505zu 450 001 9910146534903321 005 20241212215257.0 010 $a9781509099986 010 $a1509099980 024 7 $a10.1109/IEEECONF10913.2005 035 $a(CKB)1000000000021999 035 $a(SSID)ssj0000451513 035 $a(PQKBManifestationID)12211819 035 $a(PQKBTitleCode)TC0000451513 035 $a(PQKBWorkID)10462920 035 $a(PQKB)10673722 035 $a(NjHacI)991000000000021999 035 $a(EXLCZ)991000000000021999 100 $a20160829d2005 uy 101 0 $aeng 135 $aur||||||||||| 181 $ctxt 182 $cc 183 $acr 200 10$aAICT/SAPIR/ELETE 2005 - Telecommunications 2005: Advanced Industrial Conference on Telecommunications/Service Assurance with Partial and Intermitent Resources Conference/E-Learning on Telecommunications Workshop (17-22 July 2005/Lisbon, Portugal) 210 31$a[Place of publication not identified]$cIEEE Computer Society Press$d2005 215 $a1 online resource $cillustrations 300 $aBibliographic Level Mode of Issuance: Monograph 311 08$a9780769523880 311 08$a0769523889 330 $aTelecommunications is the key economical factor in bridging countries and cultures, speeding the economy, and synchronizing the research topics across multi-national groups and universities. This conference on telecommunications is a special event where, for the first time, the traditional advanced topics on telecommunications and the new ones on service assurance with intermittent resources are complemented by special topics on e-learning on telecommunications. The suite of events, AICT / SAPIR / ELETE 2005, held under the generic topic Telecommunications 2005 was very well perceived by the international community. The proceedings is rich and dense, covering next generation networks aspects, routing, services, security, QoS, optical networks, management, communications and multiple evaluations and improvement techniques. On the service assurance on partial with intermittent resources (SAPIR) the key topics are centered on handling and monitoring, routing, and web services in such environments. In the e-learning section (ELETE) the authors present international project-based experiments, models, and Internet and web-based methods. 606 $aTelecommunication$vCongresses 606 $aTelecommunication in education 615 0$aTelecommunication 615 0$aTelecommunication in education. 676 $a621.382 700 $aDini$b P$g(Petre),$01752925 712 02$aIEEE Computer Society. 712 12$aSAPIR 2005$f(2005 :$eLisbon, Portugal) 712 12$aE-Learning on Telecommunications Workshop$f(2005 :$eLisbon, Portugal) 801 0$bPQKB 906 $aPROCEEDING 912 $a9910146534903321 996 $aAICT$94534291 997 $aUNINA